[Event "MSR2018s4"]
[Site "?"]
[Date "2018.04.22"]
[Round "2.1"]
[White "Paverova, Barbora"]
[Black "Cukerova, Livia"]
[Result "1/2-1/2"]
[BlackElo "1000"]
[WhiteElo "1000"]
[LiveChessVersion "1.4.8"]

1. e4 {[%clk 1:30:57]} d5 {[%clk 1:30:45]} 2. Nc3 {[%clk 1:29:13]} d4
{[%clk 1:30:56]} 3. Bb5+ {[%clk 1:28:28]} Nc6 {[%clk 1:30:43]} 4. Nce2
{[%clk 1:26:42]} e5 {[%clk 1:26:56]} 5. d3 {[%clk 1:23:14]} Nf6 {[%clk 1:26:24]}
6. Nf3 {[%clk 1:22:45]} Bc5 {[%clk 1:24:21]} 7. O-O {[%clk 1:21:29]} Bd7
{[%clk 1:24:04]} 8. Ng5 {[%clk 1:20:34]} Qe7 {[%clk 1:22:18]} 9. Nf3
{[%clk 1:19:40]} O-O-O {[%clk 1:21:15]} 10. Bg5 {[%clk 1:19:24]} h6
{[%clk 1:19:26]} 11. Bd2 a6 12. Bc4 {[%clk 1:15:39]} Bg4 {[%clk 1:19:00]} 13. Ne1
{[%clk 1:13:47]} Bd7 {[%clk 1:16:31]} 14. Nf3 {[%clk 1:12:28]} g5
{[%clk 1:16:38]} 15. c3 {[%clk 1:12:10]} g4 {[%clk 1:16:19]} 16. Nh4
{[%clk 1:08:16]} Nh7 {[%clk 1:15:22]} 17. Bd5 {[%clk 1:05:56]} Qxh4
{[%clk 1:15:31]} 18. h3 {[%clk 1:03:26]} gxh3 {[%clk 1:15:35]} 19. cxd4
{[%clk 1:03:11]} exd4 {[%clk 1:15:43]} 20. a3 {[%clk 1:01:44]} Be6
{[%clk 1:14:55]} 21. Bxc6 {[%clk 1:00:54]} Qg4 {[%clk 1:14:44]} 22. g3 Qf3
{[%clk 1:14:51]} 23. e5 {[%clk 0:58:23]} Qg2+ 1/2-1/2

[Event "MSR2018s4"]
[Site "?"]
[Date "2018.04.22"]
[Round "2.2"]
[White "Magdova, Lucia"]
[Black "Mederlyova, Beata"]
[Result "0-1"]
[BlackElo "1000"]
[WhiteElo "1000"]
[LiveChessVersion "1.4.8"]

1. e4 {[%clk 1:30:53]} e5 2. Bc4 Nf6 {[%clk 1:29:45]} 3. Nc3 {[%clk 1:30:44]} Nc6
{[%clk 1:30:03]} 4. d3 {[%clk 1:30:34]} Bc5 {[%clk 1:30:09]} 5. Bg5
{[%clk 1:30:30]} O-O {[%clk 1:30:11]} 6. Nf3 {[%clk 1:30:29]} d6 {[%clk 1:30:23]}
7. O-O {[%clk 1:30:26]} Bg4 {[%clk 1:30:44]} 8. Nd5 {[%clk 1:29:42]} Nd4
{[%clk 1:30:26]} 9. Bxf6 {[%clk 1:28:52]} gxf6 {[%clk 1:30:30]} 10. h3
{[%clk 1:28:03]} Bxf3 {[%clk 1:30:38]} 11. Qd2 {[%clk 1:28:02]} Bh5
{[%clk 1:29:54]} 12. Qh6 {[%clk 1:27:54]} Bg6 {[%clk 1:29:01]} 13. Rae1
{[%clk 1:26:53]} f5 {[%clk 1:28:18]} 14. Re3 {[%clk 1:25:12]} fxe4
{[%clk 1:27:52]} 15. dxe4 {[%clk 1:24:41]} c6 {[%clk 1:26:54]} 16. Nc3
{[%clk 1:24:45]} d5 {[%clk 1:26:36]} 17. exd5 {[%clk 1:24:47]} Nf5
{[%clk 1:25:49]} 18. Rxe5 {[%clk 1:23:26]} Nxh6 {[%clk 1:25:54]} 19. Be2
{[%clk 1:22:22]} Re8 {[%clk 1:25:32]} 20. Rxe8+ {[%clk 1:20:05]} Qxe8
{[%clk 1:25:37]} 21. Bf3 {[%clk 1:19:46]} Bd6 {[%clk 1:25:31]} 22. Rd1
{[%clk 1:16:17]} Qe7 {[%clk 1:24:58]} 23. Na4 {[%clk 1:16:22]} Re8
{[%clk 1:25:05]} 24. Kf1 {[%clk 1:15:43]} Bxc2 {[%clk 1:24:26]} 25. Re1
{[%clk 1:15:06]} Bd3+ {[%clk 1:24:34]} 26. Kg1 {[%clk 1:13:16]} Qxe1# 0-1

[Event "MSR2018s4"]
[Site "?"]
[Date "2018.04.22"]
[Round "2.3"]
[White "Valentova, Sophia"]
[Black "Haasova, Timea"]
[Result "0-1"]
[BlackElo "1203"]
[WhiteElo "1000"]
[LiveChessVersion "1.4.8"]

1. e4 {[%clk 1:30:57]} e5 {[%clk 1:30:57]} 2. Nf3 {[%clk 1:30:52]} Nc6
{[%clk 1:31:22]} 3. d4 {[%clk 1:30:48]} exd4 {[%clk 1:20:57]} 4. Nxd4
{[%clk 1:31:11]} Qf6 {[%clk 1:08:42]} 5. Be3 {[%clk 1:31:06]} Bc5
{[%clk 1:05:39]} 6. c3 {[%clk 1:30:47]} Nxd4 {[%clk 1:03:07]} 7. Bxd4
{[%clk 1:30:40]} Bxd4 {[%clk 1:03:03]} 8. Qxd4 {[%clk 1:30:43]} Qxd4
{[%clk 1:03:11]} 9. cxd4 {[%clk 1:31:00]} d6 {[%clk 1:02:55]} 10. Nc3
{[%clk 1:30:57]} Nf6 {[%clk 1:02:26]} 11. Bc4 {[%clk 1:30:56]} O-O
{[%clk 1:01:57]} 12. e5 {[%clk 1:31:07]} Re8 {[%clk 1:01:16]} 13. f4
{[%clk 1:30:27]} Ng4 {[%clk 0:59:00]} 14. e6 {[%clk 1:29:33]} Bxe6
{[%clk 0:56:52]} 15. h3 {[%clk 1:29:05]} Bxc4+ {[%clk 0:56:59]} 16. Kd1
{[%clk 1:28:25]} Nf2+ {[%clk 0:57:12]} 17. Kd2 {[%clk 1:27:55]} Nxh1
{[%clk 0:57:20]} 18. Rxh1 {[%clk 1:27:44]} Re7 {[%clk 0:57:18]} 19. Na4
{[%clk 1:24:31]} Bxa2 {[%clk 0:57:22]} 20. g4 {[%clk 1:23:37]} Rae8
{[%clk 0:57:05]} 21. Rc1 {[%clk 1:23:13]} Re2+ {[%clk 0:56:44]} 22. Kd3
{[%clk 1:22:54]} R8e3# 0-1

[Event "MSR2018s4"]
[Site "?"]
[Date "2018.04.22"]
[Round "2.4"]
[White "Hudak, Michal"]
[Black "Sevcik, Ondrej"]
[Result "1-0"]
[BlackElo "1209"]
[WhiteElo "1031"]
[LiveChessVersion "1.4.8"]

1. e4 {[%clk 1:30:43]} e5 {[%clk 1:30:53]} 2. Nf3 {[%clk 1:30:13]} Nc6
{[%clk 1:31:11]} 3. c4 {[%clk 1:30:05]} Nf6 {[%clk 1:31:06]} 4. Nc3
{[%clk 1:28:08]} Bc5 {[%clk 1:30:51]} 5. Nxe5 Nxe5 6. d4 {[%clk 1:26:42]} Bxd4
{[%clk 1:30:39]} 7. Qxd4 {[%clk 1:26:56]} d6 {[%clk 1:29:54]} 8. Be2
{[%clk 1:25:59]} Nc6 {[%clk 1:29:25]} 9. Qd1 {[%clk 1:25:54]} O-O
{[%clk 1:29:16]} 10. O-O {[%clk 1:25:59]} Be6 {[%clk 1:29:29]} 11. Bg5
{[%clk 1:25:51]} h6 {[%clk 1:29:22]} 12. Bh4 {[%clk 1:25:58]} Ne5
{[%clk 1:28:50]} 13. f4 {[%clk 1:25:32]} Nxc4 {[%clk 1:28:55]} 14. f5
{[%clk 1:24:24]} Ne3 {[%clk 1:28:59]} 15. Bxf6 {[%clk 1:24:40]} Qxf6
{[%clk 1:29:05]} 16. fxe6 {[%clk 1:24:32]} Qxe6 {[%clk 1:28:03]} 17. Qd2
{[%clk 1:23:16]} Nxf1 {[%clk 1:28:10]} 18. Rxf1 {[%clk 1:23:37]} Qg6
{[%clk 1:26:55]} 19. Nd5 {[%clk 1:22:23]} Qxe4 {[%clk 1:26:41]} 20. Nxc7
{[%clk 1:21:23]} Rad8 {[%clk 1:26:18]} 21. Nd5 {[%clk 1:21:03]} Rfe8
{[%clk 1:25:25]} 22. Bf3 {[%clk 1:20:35]} Qe5 {[%clk 1:24:47]} 23. g3
{[%clk 1:11:13]} Re6 {[%clk 1:23:32]} 24. Bg2 {[%clk 1:11:22]} Rde8
{[%clk 1:23:01]} 25. Nc7 {[%clk 1:08:58]} Qc5+ {[%clk 1:23:00]} 26. Qf2
{[%clk 1:08:18]} Qxc7 {[%clk 1:23:12]} 27. Bd5 {[%clk 1:08:40]} Re5 28. Bxf7+ Kf8
{[%clk 1:21:12]} 29. Bg6+ {[%clk 1:08:24]} Kg8 30. Bxe8 Rxe8 {[%clk 1:20:23]} 31.
Qxa7 {[%clk 1:08:20]} Qc5+ {[%clk 1:20:21]} 32. Qxc5 {[%clk 1:08:27]} dxc5
{[%clk 1:20:30]} 33. Rc1 {[%clk 1:08:37]} Re2 {[%clk 1:20:34]} 34. b3
{[%clk 1:08:36]} Rxa2 {[%clk 1:20:26]} 35. Rxc5 {[%clk 1:08:59]} Ra1+ 36. Kg2 Ra7
{[%clk 1:19:36]} 37. Rb5 {[%clk 1:09:02]} Kf7 38. Kf3 Ke6 {[%clk 1:19:12]} 39.
Ke4 {[%clk 1:09:24]} Kd6 {[%clk 1:18:53]} 40. Kd4 {[%clk 1:09:45]} Kc6
{[%clk 1:19:04]} 41. Kc4 {[%clk 1:08:55]} Ra6 {[%clk 1:18:53]} 42. Kb4
{[%clk 1:08:22]} Rb6 {[%clk 1:19:00]} 43. Rxb6+ {[%clk 1:07:33]} Kxb6
{[%clk 1:19:15]} 44. Kc4 {[%clk 1:07:36]} Ka5 45. Kc5 b5 {[%clk 1:18:30]} 46. g4
{[%clk 1:07:28]} Ka6 {[%clk 1:18:15]} 47. b4 {[%clk 1:07:37]} g6 {[%clk 1:17:00]}
48. h4 {[%clk 1:07:43]} h5 {[%clk 1:16:57]} 49. g5 {[%clk 1:07:56]} Kb7
{[%clk 1:16:34]} 50. Kxb5 {[%clk 1:08:17]} Kb8 {[%clk 1:16:02]} 51. Ka6
{[%clk 1:07:35]} Ka8 {[%clk 1:16:14]} 52. b5 {[%clk 1:07:40]} Kb8
{[%clk 1:16:17]} 53. Kb6 {[%clk 1:07:41]} Kc8 {[%clk 1:16:15]} 54. Ka7 1-0

[Event "MSR2018s4"]
[Site "?"]
[Date "2018.04.22"]
[Round "2.5"]
[White "Strapec, Lukas"]
[Black "Elias, Simon"]
[Result "1-0"]
[BlackElo "1036"]
[WhiteElo "1201"]
[LiveChessVersion "1.4.8"]

1. Nf3 {[%clk 1:30:56]} Nf6 {[%clk 1:30:51]} 2. d4 {[%clk 1:31:04]} g6
{[%clk 1:31:12]} 3. c4 {[%clk 1:30:26]} Bg7 {[%clk 1:31:29]} 4. Bf4
{[%clk 1:30:15]} d6 {[%clk 1:31:40]} 5. e3 {[%clk 1:30:17]} Nbd7 {[%clk 1:31:53]}
6. Nc3 {[%clk 1:26:49]} c5 {[%clk 1:31:38]} 7. dxc5 {[%clk 1:18:41]} Nxc5
{[%clk 1:31:30]} 8. b4 {[%clk 1:05:19]} Nce4 {[%clk 1:31:06]} 9. Nxe4
{[%clk 1:03:58]} Nxe4 {[%clk 1:31:18]} 10. Rc1 {[%clk 1:01:41]} e5
{[%clk 1:31:37]} 11. Bd3 {[%clk 0:56:25]} Nf6 {[%clk 1:31:18]} 12. Bg5
{[%clk 0:55:37]} O-O {[%clk 1:26:44]} 13. Nd2 {[%clk 0:51:14]} Bg4
{[%clk 1:26:53]} 14. Bxf6 {[%clk 0:51:01]} Bxd1 {[%clk 1:26:49]} 15. Bxd8
{[%clk 0:51:07]} Raxd8 {[%clk 1:26:54]} 16. Rxd1 {[%clk 0:50:27]} f5
{[%clk 1:26:57]} 17. O-O {[%clk 0:50:02]} e4 {[%clk 1:27:15]} 18. Bc2
{[%clk 0:50:12]} Bc3 {[%clk 1:27:31]} 19. b5 {[%clk 0:47:14]} d5 {[%clk 1:27:48]}
20. Nb1 {[%clk 0:46:39]} Be5 {[%clk 1:27:56]} 21. Rxd5 {[%clk 0:45:47]} Rxd5
{[%clk 1:28:01]} 22. cxd5 {[%clk 0:45:51]} Rd8 {[%clk 1:28:11]} 23. Rd1
{[%clk 0:44:51]} Rc8 {[%clk 1:28:25]} 24. Bb3 {[%clk 0:44:33]} Kg7
{[%clk 1:28:30]} 25. Na3 {[%clk 0:40:49]} f4 {[%clk 1:28:10]} 26. Nc4
{[%clk 0:40:01]} Bf6 {[%clk 1:27:45]} 27. d6 {[%clk 0:40:06]} Rf8
{[%clk 1:27:27]} 28. exf4 {[%clk 0:39:17]} h5 {[%clk 1:27:19]} 29. Ne5
{[%clk 0:38:15]} Rd8 {[%clk 1:27:18]} 30. d7 {[%clk 0:37:30]} Kf8
{[%clk 1:25:51]} 31. Nf7 {[%clk 0:37:19]} Rb8 {[%clk 1:25:52]} 32. d8=Q+
{[%clk 0:37:36]} Bxd8 33. Rxd8+ Rxd8 {[%clk 1:25:28]} 34. Nxd8 {[%clk 0:37:30]}
Ke8 {[%clk 1:25:40]} 35. Nxb7 {[%clk 0:37:52]} h4 {[%clk 1:25:48]} 36. Nd6+
{[%clk 0:38:16]} Ke7 {[%clk 1:26:02]} 37. Nxe4 {[%clk 0:38:31]} Kd7
{[%clk 1:26:07]} 38. Bf7 {[%clk 0:38:41]} Ke7 39. Bxg6 Ke6 {[%clk 1:24:51]} 40.
f5+ {[%clk 0:39:15]} Ke7 {[%clk 1:25:02]} 41. f6+ {[%clk 0:39:06]} Kf8
{[%clk 1:24:09]} 42. Nc5 {[%clk 0:39:19]} Kg8 {[%clk 1:24:24]} 43. f7+
{[%clk 0:38:37]} Kf8 {[%clk 1:24:41]} 44. Nd7+ {[%clk 0:38:38]} Ke7
{[%clk 1:24:47]} 45. f8=Q+ {[%clk 0:38:52]} Ke6 46. Qf6+ Kd5 {[%clk 1:23:34]} 47.
Qc6+ {[%clk 0:38:21]} Kd4 {[%clk 1:22:54]} 48. Qc5# 1-0

[Event "MSR2018s4"]
[Site "?"]
[Date "2018.04.22"]
[Round "2.6"]
[White "Dolnik, Michal"]
[Black "Durovka, Marek"]
[Result "0-1"]
[BlackElo "1000"]
[WhiteElo "1095"]
[LiveChessVersion "1.4.8"]

1. e4 {[%clk 1:30:53]} c5 {[%clk 1:30:53]} 2. Nf3 {[%clk 1:31:13]} d6
{[%clk 1:31:14]} 3. d4 {[%clk 1:31:36]} cxd4 {[%clk 1:31:35]} 4. Nxd4
{[%clk 1:31:48]} Nf6 {[%clk 1:32:00]} 5. Nc3 {[%clk 1:30:43]} g6 {[%clk 1:32:06]}
6. Bc4 {[%clk 1:27:28]} Bg7 {[%clk 1:32:00]} 7. Be3 {[%clk 1:27:33]} O-O
{[%clk 1:32:05]} 8. O-O {[%clk 1:26:05]} Nc6 {[%clk 1:31:31]} 9. Nxc6
{[%clk 1:25:40]} bxc6 {[%clk 1:31:28]} 10. Qc1 {[%clk 1:25:05]} Bb7
{[%clk 1:30:02]} 11. Bh6 {[%clk 1:24:41]} Nxe4 {[%clk 1:27:42]} 12. Bxg7
{[%clk 1:24:32]} Kxg7 {[%clk 1:27:57]} 13. Nxe4 {[%clk 1:24:36]} d5
{[%clk 1:27:12]} 14. Nc5 {[%clk 1:24:50]} dxc4 {[%clk 1:26:48]} 15. Nxb7
{[%clk 1:25:13]} Qb6 {[%clk 1:26:37]} 16. Rd1 {[%clk 1:17:17]} Qxb7
{[%clk 1:26:15]} 17. b3 {[%clk 1:14:47]} cxb3 {[%clk 1:24:41]} 18. Qb2+
{[%clk 1:14:11]} Kg8 {[%clk 1:23:43]} 19. axb3 {[%clk 1:14:10]} Rfd8
{[%clk 1:17:47]} 20. Qe5 {[%clk 0:32:32]} Rd7 {[%clk 1:10:41]} 21. Qb2
{[%clk 0:22:46]} Rad8 {[%clk 1:10:23]} 22. Rf1 {[%clk 0:19:10]} Qb5
{[%clk 1:07:39]} 23. Kh1 {[%clk 0:15:47]} Qe2 {[%clk 1:02:45]} 24. Rae1
{[%clk 0:15:12]} Rd1 {[%clk 1:01:49]} 25. h3 {[%clk 0:15:25]} Rxe1
{[%clk 1:01:57]} 26. Rxe1 {[%clk 0:15:40]} Qxe1+ {[%clk 1:02:13]} 27. Kh2
{[%clk 0:15:42]} Qxf2 {[%clk 1:02:10]} 28. h4 {[%clk 0:15:35]} Rd2
{[%clk 1:02:17]} 29. Kh3 {[%clk 0:15:38]} Qxg2# 0-1

[Event "MSR2018s4"]
[Site "?"]
[Date "2018.04.22"]
[Round "2.7"]
[White "Boba, Kristian"]
[Black "Martynek, Filip"]
[Result "1-0"]
[BlackElo "1000"]
[WhiteElo "1050"]
[LiveChessVersion "1.4.8"]

1. e4 {[%clk 1:30:55]} d6 {[%clk 1:30:54]} 2. Nf3 {[%clk 1:31:08]} Nf6
{[%clk 1:31:05]} 3. Nc3 {[%clk 1:31:25]} Bg4 {[%clk 1:31:11]} 4. Bc4
{[%clk 1:31:34]} e6 {[%clk 1:31:15]} 5. d3 {[%clk 1:31:39]} h6 {[%clk 1:31:29]}
6. h3 {[%clk 1:31:21]} Bxf3 {[%clk 1:31:49]} 7. Qxf3 {[%clk 1:31:41]} g6
{[%clk 1:32:01]} 8. Be3 {[%clk 1:31:42]} Bg7 {[%clk 1:32:07]} 9. d4
{[%clk 1:31:00]} O-O {[%clk 1:32:23]} 10. d5 {[%clk 1:31:13]} exd5
{[%clk 1:32:39]} 11. Nxd5 {[%clk 1:31:20]} Nxd5 {[%clk 1:32:50]} 12. Bxd5
{[%clk 1:31:36]} c6 {[%clk 1:33:02]} 13. Bb3 {[%clk 1:31:11]} Bxb2
{[%clk 1:33:16]} 14. Rb1 {[%clk 1:31:20]} Bc3+ {[%clk 1:33:26]} 15. Kf1
{[%clk 1:30:49]} Nd7 {[%clk 1:33:25]} 16. Bxh6 {[%clk 1:30:28]} Re8
{[%clk 1:33:17]} 17. Bxf7+ {[%clk 1:30:38]} Kh7 {[%clk 1:33:22]} 18. Bxe8
{[%clk 1:30:44]} Kxh6 {[%clk 1:33:33]} 19. Bxd7 {[%clk 1:30:29]} Qxd7
{[%clk 1:33:42]} 20. Qxc3 {[%clk 1:30:47]} Rb8 {[%clk 1:33:51]} 21. Ke2
{[%clk 1:30:30]} Kh7 {[%clk 1:33:50]} 22. Rhe1 {[%clk 1:30:16]} b5
{[%clk 1:33:50]} 23. Qg3 {[%clk 1:30:16]} Qe7 {[%clk 1:33:51]} 24. Kf1
{[%clk 1:30:25]} a5 {[%clk 1:33:20]} 25. Rbd1 {[%clk 1:28:14]} Rd8
{[%clk 1:33:26]} 26. f3 {[%clk 1:27:52]} b4 {[%clk 1:33:13]} 27. Rd2
{[%clk 1:27:44]} c5 {[%clk 1:32:57]} 28. Red1 {[%clk 1:27:43]} c4
{[%clk 1:33:04]} 29. Rxd6 {[%clk 1:27:45]} Rxd6 {[%clk 1:33:20]} 30. Qxd6
{[%clk 1:28:03]} Qxd6 {[%clk 1:33:35]} 31. Rxd6 {[%clk 1:28:23]} a4
{[%clk 1:33:54]} 32. Rb6 {[%clk 1:27:32]} b3 {[%clk 1:34:01]} 33. axb3
{[%clk 1:27:27]} axb3 {[%clk 1:34:22]} 34. cxb3 {[%clk 1:27:30]} cxb3
{[%clk 1:34:45]} 35. Rxb3 {[%clk 1:27:16]} Kg7 {[%clk 1:35:08]} 36. Kf2
{[%clk 1:27:33]} g5 {[%clk 1:35:22]} 37. Ke3 {[%clk 1:27:28]} 1-0

[Event "MSR2018s4"]
[Site "?"]
[Date "2018.04.22"]
[Round "2.8"]
[White "Roman, Jakub"]
[Black "Gobl, Fabian"]
[Result "1-0"]
[BlackElo "1118"]
[WhiteElo "1000"]
[LiveChessVersion "1.4.8"]

1. e4 {[%clk 1:30:57]} d5 {[%clk 1:29:57]} 2. exd5 {[%clk 1:31:12]} Qxd5
{[%clk 1:30:10]} 3. Nc3 {[%clk 1:31:22]} Qd8 {[%clk 1:29:16]} 4. Bc4
{[%clk 1:31:32]} e6 {[%clk 1:29:13]} 5. d4 {[%clk 1:31:10]} c6 {[%clk 1:29:12]}
6. Qf3 {[%clk 1:31:14]} Qxd4 {[%clk 1:28:55]} 7. b3 {[%clk 1:30:47]} Bb4
{[%clk 1:29:03]} 8. Bb2 {[%clk 1:30:51]} Qe5+ {[%clk 1:27:52]} 9. Nge2
{[%clk 1:30:56]} b6 {[%clk 1:27:41]} 10. a3 {[%clk 1:30:12]} Bd6 {[%clk 1:27:50]}
11. Na4 {[%clk 1:29:55]} b5 {[%clk 1:27:26]} 12. Bxe5 {[%clk 1:28:39]} Bxe5
{[%clk 1:27:36]} 13. Qg4 {[%clk 1:28:08]} Bxa1 {[%clk 1:27:17]} 14. Nac3
{[%clk 1:28:09]} g6 {[%clk 1:26:57]} 15. O-O {[%clk 1:27:16]} Bxc3 16. Nxc3 bxc4
{[%clk 1:23:30]} 17. Qd4 {[%clk 1:27:24]} f6 {[%clk 1:23:23]} 18. Rd1
{[%clk 1:27:40]} Nd7 {[%clk 1:23:21]} 19. Qxc4 {[%clk 1:26:52]} Ne7
{[%clk 1:23:08]} 20. Qxe6 {[%clk 1:26:53]} c5 {[%clk 1:23:02]} 21. Nd5
{[%clk 1:26:56]} Kf8 {[%clk 1:22:40]} 22. Qxe7+ {[%clk 1:26:19]} Kg8
{[%clk 1:19:05]} 23. Nxf6+ {[%clk 1:26:21]} Nxf6 {[%clk 1:19:12]} 24. Rd8+
{[%clk 1:26:32]} Ne8 {[%clk 1:19:27]} 25. Rxe8# {[%clk 1:26:43]} 1-0

[Event "MSR2018s4"]
[Site "?"]
[Date "2018.04.22"]
[Round "2.9"]
[White "Sokolsky, David"]
[Black "Banas, Samuel"]
[Result "0-1"]
[BlackElo "1063"]
[WhiteElo "1000"]
[LiveChessVersion "1.4.8"]

1. e4 {[%clk 1:30:51]} e6 {[%clk 1:21:34]} 2. Nf3 {[%clk 1:31:02]} d5
{[%clk 1:21:47]} 3. Bd3 {[%clk 1:31:10]} c5 {[%clk 1:21:34]} 4. exd5
{[%clk 1:31:20]} exd5 {[%clk 1:21:40]} 5. Bb5+ Bd7 6. Qe2+ {[%clk 1:30:31]} Be7
{[%clk 1:21:39]} 7. Bxd7+ {[%clk 1:30:18]} Qxd7 {[%clk 1:22:06]} 8. Ne5
{[%clk 1:29:55]} Qd8 {[%clk 1:21:55]} 9. Qf3 {[%clk 1:29:35]} Nf6
{[%clk 1:22:05]} 10. O-O {[%clk 1:28:44]} O-O {[%clk 1:22:19]} 11. d3
{[%clk 1:28:38]} Nbd7 {[%clk 1:20:43]} 12. Nxd7 {[%clk 1:28:20]} Nxd7
{[%clk 1:19:26]} 13. b3 {[%clk 1:27:52]} Bf6 {[%clk 1:19:04]} 14. d4
{[%clk 1:27:18]} Bxd4 {[%clk 1:18:29]} 15. Nc3 {[%clk 1:27:10]} Re8 16. Bb2 Be5
{[%clk 1:14:02]} 17. Rae1 Qb6 18. Na4 Qc6 19. Re2 Bc7 20. Qc3 f6 21. Rfe1 Rxe2
22. Rxe2 Qd6 23. g3 Ne5 24. h4 Re8 25. f4 d4 26. Qd2 Nf3+ 27. Kf2 Rxe2+ 28. Kxe2
Nxd2 29. Kxd2 b5 30. Ba3 bxa4 31. bxa4 Ba5+ 32. Kd3 Qa6+ 33. Ke4 Qc6+ 34. Kd3
Qf3+ 35. Kc4 Qc3+ 36. Kd5 Kf8 37. Bxc5+ Ke8 38. Bxd4 {[%clk 1:13:01]} Qf3+
{[%clk 1:13:09]} 39. Kc5 Bb6+ 40. Kc4 Bxd4 41. Kxd4 Kd7 42. c4 {[%clk 1:13:11]}
Kd6 {[%clk 1:13:19]} 43. c5+ Kc6 44. Kc4 Qd5+ 45. Kb4 Qxc5+ 46. Ka3 Qc3# 0-1

[Event "MSR2018s4"]
[Site "?"]
[Date "2018.04.22"]
[Round "2.10"]
[White "Kriska, Alexander"]
[Black "Szczygel, Viktor"]
[Result "0-1"]
[BlackElo "1000"]
[WhiteElo "1000"]
[LiveChessVersion "1.4.8"]

1. e4 {[%clk 1:30:52]} e5 {[%clk 1:30:44]} 2. Nf3 {[%clk 1:31:06]} Nc6
{[%clk 1:30:41]} 3. Bb5 {[%clk 1:30:49]} Nf6 {[%clk 1:30:02]} 4. O-O
{[%clk 1:30:20]} Bc5 {[%clk 1:29:28]} 5. Nc3 {[%clk 1:29:50]} O-O
{[%clk 1:29:09]} 6. Bxc6 {[%clk 1:29:00]} dxc6 {[%clk 1:29:18]} 7. a3
{[%clk 1:28:15]} Bd6 {[%clk 1:28:59]} 8. Re1 {[%clk 1:27:47]} Re8
{[%clk 1:28:33]} 9. h3 {[%clk 1:26:51]} Nh5 {[%clk 1:25:48]} 10. g4
{[%clk 1:24:31]} Nf4 {[%clk 1:25:15]} 11. Rf1 {[%clk 1:13:52]} h6
{[%clk 1:25:21]} 12. Kh2 {[%clk 1:10:57]} Qf6 {[%clk 1:24:10]} 13. b4
{[%clk 1:07:41]} Be7 {[%clk 1:20:57]} 14. Ne2 {[%clk 1:03:22]} Bd6
{[%clk 1:20:00]} 15. Bb2 Qf5 16. Nxf4 Qxf4+ 17. Kg1 {[%clk 1:01:02]} Re6
{[%clk 1:19:46]} 18. Qe2 {[%clk 1:00:00]} Rg6 {[%clk 1:19:14]} 19. d3 Bxg4 20.
hxg4 {[%clk 0:56:43]} Rxg4+ {[%clk 1:19:30]} 21. Kh1 {[%clk 0:55:44]} Rh4+
{[%clk 1:19:45]} 22. Kg1 {[%clk 0:55:16]} Qg4# 0-1

[Event "MSR2018s4"]
[Site "?"]
[Date "2018.04.22"]
[Round "2.11"]
[White "Sun, Martin"]
[Black "Kulich, Filip"]
[Result "0-1"]
[BlackElo "1000"]
[WhiteElo "1000"]
[LiveChessVersion "1.4.8"]

1. e4 {[%clk 1:30:56]} e5 {[%clk 1:20:59]} 2. Nf3 {[%clk 1:31:17]} d6
{[%clk 1:21:25]} 3. Nc3 {[%clk 1:31:32]} Nc6 {[%clk 1:21:52]} 4. Bb5
{[%clk 1:31:11]} Bd7 {[%clk 1:22:18]} 5. d3 {[%clk 1:30:46]} a6 {[%clk 1:22:44]}
6. Bc4 {[%clk 1:30:52]} Bg4 {[%clk 1:23:06]} 7. h3 {[%clk 1:31:04]} Bxf3
{[%clk 1:23:32]} 8. Qxf3 {[%clk 1:30:30]} Nh6 {[%clk 1:23:55]} 9. O-O
{[%clk 1:30:38]} Qf6 {[%clk 1:24:17]} 10. Qxf6 {[%clk 1:30:44]} gxf6
{[%clk 1:24:42]} 11. Be3 {[%clk 1:30:31]} O-O-O {[%clk 1:25:01]} 12. Bxh6
{[%clk 1:30:22]} Bxh6 {[%clk 1:25:28]} 13. Nd5 {[%clk 1:30:24]} Rdg8
{[%clk 1:25:35]} 14. Nxf6 {[%clk 1:30:36]} Rg6 {[%clk 1:26:01]} 15. Nd5
{[%clk 1:30:07]} Rhg8 {[%clk 1:26:28]} 16. Ne3 {[%clk 1:29:44]} Bxe3 17. fxe3
{[%clk 1:29:53]} Rxg2+ {[%clk 1:27:15]} 18. Kh1 {[%clk 1:29:46]} Ne7
{[%clk 1:27:16]} 19. Rac1 {[%clk 1:29:49]} b5 {[%clk 1:27:37]} 20. Bxf7
{[%clk 1:29:49]} R8g7 {[%clk 1:28:03]} 21. Bd5 {[%clk 1:29:58]} Ng6
{[%clk 1:28:17]} 22. Kxg2 {[%clk 1:29:47]} Nh4+ {[%clk 1:28:39]} 23. Kh1
{[%clk 1:29:42]} Rg3 {[%clk 1:28:27]} 24. Rg1 {[%clk 1:29:43]} Rxh3# 0-1